Human types : (Record no. 288429)
[ view plain ]
| 000 -LEADER | |
|---|---|
| fixed length control field | 00683nam a22002170 4500 |
| 003 - CONTROL NUMBER IDENTIFIER | |
| control field | PILC |
| 005 - DATE AND TIME OF LATEST TRANSACTION | |
| control field | 20150824074554.0 |
| 008 - FIXED-LENGTH DATA ELEMENTS--GENERAL INFORMATION | |
| fixed length control field | /0/1 |
| 050 ## - LIBRARY OF CONGRESS CALL NUMBER | |
| Classification number | GN 315 |
| Item number | .F5 1958 |
| 100 1# - MAIN ENTRY--PERSONAL NAME | |
| Personal name | Firth, Raymond William, |
| Dates associated with a name | 1901- |
| 245 10 - TITLE STATEMENT | |
| Title | Human types : |
| Remainder of title | an introduction to social anthropology / |
| Statement of responsibility, etc | Raymond Firth. |
| 250 ## - EDITION STATEMENT | |
| Edition statement | Revised edition. |
| 260 ## - PUBLICATION, DISTRIBUTION, ETC. (IMPRINT) | |
| Place of publication, distribution, etc | New York : |
| Name of publisher, distributor, etc | New American Library, |
| Date of publication, distribution, etc | 1958. |
| 300 ## - PHYSICAL DESCRIPTION | |
| Extent | 176 pages : |
| Other physical details | illustrations ; |
| Dimensions | 18 cm. |
| 500 ## - GENERAL NOTE | |
| General note | "A Mentor book." |
| 500 ## - GENERAL NOTE | |
| General note | Originally published : Edinburgh : T. Nelson, 1958. |
| 650 ## - SUBJECT ADDED ENTRY--TOPICAL TERM | |
| Topical term or geographic name as entry element | Ethnology. |
| 650 ## - SUBJECT ADDED ENTRY--TOPICAL TERM | |
| Topical term or geographic name as entry element | Race. |
| 650 ## - SUBJECT ADDED ENTRY--TOPICAL TERM | |
| Topical term or geographic name as entry element | Society, Primitive. |
| 942 ## - ADDED ENTRY ELEMENTS (KOHA) | |
| Source of classification or shelving scheme | Library of Congress Classification |
| Koha item type | Books |
| Call number prefix | Foreign |
| Withdrawn status | Lost status | Source of classification or shelving scheme | Damaged status | Home library | Current library | Shelving location | Date acquired | Source of acquisition | Total Checkouts | Full call number | Barcode | Date last seen | Price effective from | Koha item type |
|---|---|---|---|---|---|---|---|---|---|---|---|---|---|---|
| Library of Congress Classification | Archives | Archives | 08/24/2015 | Donation | GN 315 .F5 1958 | C19721 | 05/15/2018 | 08/24/2015 | Books |